000 00789cam a2200229 4500
001 WB3714-36
008 000000n2001 000 0 eng u
035 _a(Sirsi) u111837
245 _aConsent to building
260 _c2001
490 _aEstates Gazette Case Summaries
_v[2001] EGCS 42 (1) (31/03/01)
520 _a"Kalford Ltd v Peterborough CC", ChD 16 March 2001, which examined whether the defendant (P) had unreasonably refused consent to claimant (K)'s development on land leased by P. The declaration was refused.
590 _aWB
650 _aCONSENT
650 _aKALFORD LTD V PETERBOROUGH CC
650 _aREASONABLENESS
650 _aCHANGE OF USE
650 _aBUILDING LEASE
650 _aLEASE TERMS
690 _aLANDLORD AND TENANT-LEASES
942 _n0
999 _c66644
_d66644